লোডিং...
Theekkadal Kadanju Thirumadhuram
| প্রধান লেখক: | |
|---|---|
| বিন্যাস: | Printed Book |
| ভাষা: | Undetermined |
| প্রকাশিত: |
High Hill Books,
2010
|
| সংস্করন: | 3 ed. |
| বিষয়গুলি: |
| LEADER | 00509nam a2200157Ia 4500 | ||
|---|---|---|---|
| 008 | 200324s9999 xx 000 0 und d | ||
| 082 | |a 928.M |b RAD-T | ||
| 100 | |a Radhakrishnan, C | ||
| 245 | 0 | |a Theekkadal Kadanju Thirumadhuram | |
| 250 | |a 3 ed. | ||
| 260 | |b High Hill Books, |c 2010 | ||
| 300 | |a 479p. | ||
| 650 | |a Biography-Malayalam literature | ||
| 942 | |c BK | ||
| 999 | |c 283960 |d 283960 | ||
| 952 | |0 0 |1 0 |4 0 |6 928_000000000000000_M_RADT |7 0 |9 302503 |a SDE |b SDE |d 2013-06-29 |l 0 |o 928.M RAD-T |p SDE19628 |r 2020-03-27 |w 2020-03-27 |y BK | ||